| 000 | 00529nam a2200193Ia 4500 | ||
|---|---|---|---|
| 008 | 131103s9999 xx 000 0 und d | ||
| 020 | _ao5731105445 | ||
| 040 | _aLoreto College | ||
| 041 | _aEnglish | ||
| 082 |
_a822.91/NIC _bLCLIB/45698 |
||
| 100 | _aNichols, Peter | ||
| 245 |
_aBorn in the gardens _b a p-lay in to acts _cPeter Nichols |
||
| 260 |
_aLondon _bFaber and faber _c1980 |
||
| 300 |
_a74p.. _c 22cm. |
||
| 650 | _aEnglish Literature | ||
| 651 | _aEnglish drama | ||
| 850 | _aLCLIB/821.08/NIC | ||
| 942 | _cBK | ||
| 999 |
_c35908 _d86387 |
||